| 000 | 00853cam a2200265 i 4500 | ||
|---|---|---|---|
| 001 | 18102099 | ||
| 005 | 20180314051612.0 | ||
| 008 | 140403t20152015coua b 001 0 eng | ||
| 010 | _a 2014011421 | ||
| 020 | _a9780813349503 (paperback) | ||
| 020 | _z9780813349510 (e-book) | ||
| 040 |
_aDLC _beng _cDLC _erda _dDLC |
||
| 041 | _aeng | ||
| 042 | _apcc | ||
| 080 | _a302 MYE | ||
| 082 | 0 | 0 |
_a302 MYE _223 |
| 084 |
_aSOC000000 _aSOC026000 _aPSY000000 _aPSY031000 _2bisacsh |
||
| 100 | 1 | _a48 | |
| 101 | _aPSI | ||
| 245 | 1 | 0 |
_aSocial psychology / _cJohn D. DeLamater, Daniel J. Myers, Jessica L. Collett. |
| 504 | _aIncludes bibliographical references and index. | ||
| 906 |
_a7 _bcbc _corignew _d1 _eecip _f20 _gy-gencatlg |
||
| 942 |
_2ddc _cBK |
||
| 999 |
_c44979 _d44979 |
||